000 01542cad a2200349 4500
001 0727729810
008 000000n2001 000 0 eng u
020 _a0727729810
035 _a(Sirsi) u110883
050 _a711.52
110 _aCommission for Architecture and the Built Environment
_94058
245 4 _aThe value of urban design : a research project commissioned by CABE and DETR to examine the value added by good urban design.
260 _aLondon
_bThomas Telford
_c2001
300 _a111p.
_bill.
_c30cm.
350 _a25.00
520 _aThe research, undertaken by the Bartlett School of Planning at University College London, was based on a literature and research review and case studies of selected commercial developments. It assesses the benefits of good urban design including higher rental levels, lower maintenance costs and public support. View at www.cabe.org.uk.
650 _aCASTLE WHARF
650 _aNOTTINGHAM
650 _aSTANDARD COURT
650 _aBRINDLEYPLACE
650 _aBIRMINGHAM
650 _aWATERFRONT BUSINESS PARK
650 _aDUDLEY
650 _aBARBIROLLI SQUARE
650 _aMANCHESTER
650 _aEXCHANGE QUAY
650 _aSALFORD
690 _aREGENERATION
710 _aUnited Kingdom
_bDepartment of the Environment, Transport and the Regions
_93507
856 _uhttps://webarchive.nationalarchives.gov.uk/20110118095356/http://www.cabe.org.uk/files/the-value-of-urban-design.pdf
_vView the report at webarchive.nationalarchives.gov.uk
942 _n0
999 _c101152
_d101152